| 000 | 00000nam 2200000zi 4500 |
| 001 | 9.941722 |
| 003 | CaOODSP |
| 005 | 20250108082556 |
| 006 | m o d f |
| 007 | cr cn |||||||| |
| 008 | 240810t20242024onca ob f000 0 fre d |
| 020 | |a9780660731179 |
| 040 | |aCaOODSP|bfre|erda|cCaOODSP |
| 043 | |an-cn--- |
| 086 | 1 |aH144-63/2024F-PDF |
| 245 | 00|aVous êtes actif quand il fait chaud : |bvous êtes à risque! : protégez-vous du temps très chaud. |
| 264 | 1|aOttawa (Ontario) : |bSanté Canada = Health Canada, |c[2024] |
| 264 | 4|c©2024 |
| 300 | |a1 ressource en ligne (12 pages non numérotées) : |billustrations en couleur |
| 336 | |atexte|btxt|2rdacontent/fre |
| 337 | |ainformatique|bc|2rdamedia/fre |
| 338 | |aressource en ligne|bcr|2rdacarrier/fre |
| 500 | |aPublié aussi en anglais sous le titre : You're active in the heat : you're at risk! : protect yourself from extreme heat. |
| 500 | |a« Pub. : 240481. » |
| 504 | |aComprend des références bibliographiques. |
| 650 | 6|aÉpuisement par la chaleur|zCanada|xPrévention. |
| 650 | 6|aCoup de chaleur|zCanada|xPrévention. |
| 710 | 1 |aCanada. |bSanté Canada, |eorganisme de publication. |
| 775 | 08|tYou're active in the heat : |w(CaOODSP)9.941723 |
| 795 | |tVous êtes actif quand chaud : |w(CaOODSP)9.874968 |
| 856 | 40|qPDF|s2.43 Mo|uhttps://publications.gc.ca/collections/collection_2025/sc-hc/H144-63-2024-fra.pdf |
| 856 | 4 |qHTML|sS.O.|uhttps://www.canada.ca/fr/sante-canada/services/sante-environnement-milieu-travail/rapports-publications/changement-climatique-sante/vous-etes-actif-quand-fait-chaud-vous-etes-risque-protegez-vous-temps-tres-chaud-feuillet-2011-sante-canada.html |